[Event "CRO-chT (Women) 31st"]
[Site "Veli Losinj"]
[Date "2023.10.13"]
[Round "4.1"]
[White "Lukenda, Tina"]
[Black "Movsesian, Julia"]
[Result "1/2-1/2"]
[WhiteElo "2012"]
[BlackElo "2259"]
[PlyCount "36"]
[EventDate "2023.10.11"]
[EventType "team-tourn"]
[EventRounds "9"]
[EventCountry "CRO"]
[SourceTitle "Mega2024 Update 01"]
[Source "Chessbase"]
[SourceDate "2023.11.12"]
[SourceVersion "1"]
[SourceVersionDate "2023.11.12"]
[SourceQuality "1"]
[WhiteTeam "Kastav (W)"]
[BlackTeam "Zagreb Mladost (W)"]
[WhiteTeamCountry "CRO"]
[BlackTeamCountry "CRO"]

1. d4 d5 2. c4 c6 3. cxd5 cxd5 4. Nc3 Nc6 5. Nf3 Nf6 6. Bf4 a6 7. e3 Bg4 8. Be2 e6 9. Ne5 Bxe2 10. Qxe2 Nxe5 11. Bxe5 Bd6 12. Bxd6 Qxd6 13. 0-0 0-0 14. Rfc1 Rfc8 15. Na4 Nd7 16. b3 Rc6 17. Nb2 Rac8 18. Nd3 f6 1/2-1/2

[Event "CRO-chT (Women) 30th"]
[Site "Porec"]
[Date "2022.09.27"]
[Round "5.4"]
[White "Lukenda, Tina"]
[Black "Radikovic, Anamarija"]
[Result "0-1"]
[WhiteElo "2009"]
[BlackElo "2112"]
[PlyCount "72"]
[EventDate "2022.09.24"]
[EventType "team-tourn"]
[EventRounds "9"]
[EventCountry "CRO"]
[SourceTitle "CBM 210 Extra"]
[Source "ChessBase"]
[SourceDate "2022.11.30"]
[SourceVersion "1"]
[SourceVersionDate "2022.11.30"]
[SourceQuality "1"]
[WhiteTeam "Kastav (W)"]
[BlackTeam "Rijeka Draga (W)"]
[WhiteTeamCountry "CRO"]
[BlackTeamCountry "CRO"]

1. d4 Nf6 2. c4 g6 3. Nc3 Bg7 4. e4 d6 5. f3 0-0 6. Be3 Nbd7 7. Qd2 c5 8. d5 a6 9. Bh6 b5 10. Bxg7 Kxg7 11. cxb5 Qa5 12. a4 Qb4 13. bxa6 Bxa6 14. Nb5 Bxb5 15. Qxb4 cxb4 16. Bxb5 Nc5 17. Ne2 Rfb8 18. 0-0 Nb3 19. Rad1 Nc5 20. Bc6 Ra6 21. Bb5 Raa8 22. Rd4 Nxa4 23. Rxb4 Nc5 24. Bc6 Rxb4 25. Bxa8 Rxb2 26. Nc3 Nfd7 27. Bc6 Ne5 28. Be8 Ncd3 29. g3 Rc2 30. Nd1 Rd2 31. Bb5 Nxf3+ 32. Rxf3 Rxd1+ 33. Rf1 Rxf1+ 34. Kxf1 Nc5 35. Ke2 Nxe4 36. Ke3 Nc5 0-1

[Event "CRO-chT (Women) 30th"]
[Site "Porec"]
[Date "2022.09.26"]
[Round "4.1"]
[White "Cvitan, Ena"]
[Black "Lukenda, Tina"]
[Result "1-0"]
[WhiteElo "2239"]
[BlackElo "2009"]
[PlyCount "69"]
[EventDate "2022.09.24"]
[EventType "team-tourn"]
[EventRounds "9"]
[EventCountry "CRO"]
[SourceTitle "CBM 210 Extra"]
[Source "ChessBase"]
[SourceDate "2022.11.30"]
[SourceVersion "1"]
[SourceVersionDate "2022.11.30"]
[SourceQuality "1"]
[WhiteTeam "Rijeka Liburnija (W)"]
[BlackTeam "Kastav (W)"]
[WhiteTeamCountry "CRO"]
[BlackTeamCountry "CRO"]

1. d4 d5 2. c4 e6 3. Nf3 Nf6 4. Nc3 Be7 5. Bf4 c6 6. e3 0-0 7. Bd3 Nbd7 8. 0-0 dxc4 9. Bxc4 b5 10. Bd3 Bb7 11. Rc1 a6 12. Ne4 Nxe4 13. Bxe4 Nf6 14. Bxc6 Bxc6 15. Rxc6 Qd5 16. Rc7 Bd8 17. Rc1 Qxa2 18. Bd6 Re8 19. b3 Be7 20. Bxe7 Rxe7 21. Ne5 Ree8 22. Qd3 Rec8 23. Nc6 Qa3 24. Rc5 Kf8 25. Qc2 g6 26. b4 Nd5 27. e4 Nf4 28. Qd2 g5 29. Rd1 Rxc6 30. Rxc6 a5 31. bxa5 b4 32. Rb6 b3 33. Qb4+ Qxb4 34. Rxb4 Rxa5 35. Rxb3 1-0

[Event "CRO-chT (Women) 29th"]
[Site "Mali Losinj"]
[Date "2021.10.02"]
[Round "8.4"]
[White "Lukenda, Tina"]
[Black "Videkovic, Marina"]
[Result "1/2-1/2"]
[WhiteElo "2014"]
[BlackElo "1823"]
[PlyCount "106"]
[EventDate "2021.09.25"]
[EventType "team-tourn"]
[EventRounds "9"]
[EventCountry "CRO"]
[SourceTitle "CBM 204 Extra"]
[Source "ChessBase"]
[SourceDate "2021.11.30"]
[SourceVersion "1"]
[SourceVersionDate "2021.11.30"]
[SourceQuality "1"]
[WhiteTeam "Kastav (W)"]
[BlackTeam "Djakovo Dama (W)"]
[WhiteTeamCountry "CRO"]
[BlackTeamCountry "CRO"]

1. d4 Nf6 2. Nf3 b6 3. c4 Bb7 4. Nc3 e6 5. Bg5 Be7 6. e3 Ne4 7. Bxe7 Qxe7 8. Be2 Nxc3 9. bxc3 c5 10. d5 d6 11. a4 Nd7 12. 0-0 0-0 13. Qb3 Nf6 14. Rfd1 e5 15. a5 Nd7 16. axb6 Nxb6 17. Ra5 Rfb8 18. Rda1 Nc8 19. Qc2 g6 20. e4 Kg7 21. g3 Qc7 22. Nh4 a6 23. Qc1 h6 24. f4 exf4 25. Qxf4 Qe7 26. Rf1 Nb6 27. Qg4 Qg5 28. Qf3 Qe7 29. Qg4 Qg5 30. Qf3 f6 31. Qf2 Qe5 32. Qe3 Bc8 33. Raa1 h5 34. Nf3 Qe7 35. Qf4 Nd7 36. Rf2 Rb3 37. Nh4 Ne5 38. Qe3 Bh3 39. Raf1 Bxf1 40. Rxf1 Ng4 41. Bxg4 hxg4 42. Qf4 Qf7 43. Qxd6 Rab8 44. e5 R8b6 45. Qxc5 Rb1 46. e6 Rxf1+ 47. Kxf1 Rb1+ 48. Ke2 Qb7 49. Kd3 Qb2 50. Nf5+ gxf5 51. Qe7+ Kg6 52. Qf7+ Kg5 53. Qg7+ Kh5 1/2-1/2

[Event "CRO-chT (Women) 29th"]
[Site "Mali Losinj"]
[Date "2021.09.30"]
[Round "6.5"]
[White "Lukenda, Tina"]
[Black "Janzelj, Lara"]
[Result "1/2-1/2"]
[WhiteElo "2014"]
[BlackElo "2186"]
[PlyCount "99"]
[EventDate "2021.09.25"]
[EventType "team-tourn"]
[EventRounds "9"]
[EventCountry "CRO"]
[SourceTitle "CBM 204 Extra"]
[Source "ChessBase"]
[SourceDate "2021.11.30"]
[SourceVersion "1"]
[SourceVersionDate "2021.11.30"]
[SourceQuality "1"]
[WhiteTeam "Kastav (W)"]
[BlackTeam "Novo Virje Konaki (W)"]
[WhiteTeamCountry "CRO"]
[BlackTeamCountry "CRO"]

1. d4 d5 2. Nf3 Nf6 3. Bg5 Nbd7 4. e3 h6 5. Bh4 e6 6. Bd3 Bd6 7. Nbd2 0-0 8. 0-0 c5 9. c4 cxd4 10. exd4 dxc4 11. Nxc4 Be7 12. Rc1 Nb6 13. Nfe5 Nxc4 14. Rxc4 Nd5 15. Bg3 Bd7 16. Nxd7 Qxd7 17. Qe2 Bd6 18. Be5 b5 19. Rcc1 Bxe5 20. Qxe5 Rac8 21. Rc5 Rxc5 22. dxc5 Rc8 23. Qd4 b4 24. Rc1 Qc7 25. g3 Rd8 26. Qc4 Qe5 27. Qc2 Rc8 28. Ba6 Rc7 29. a3 Qd4 30. c6 h5 31. Bb7 h4 32. axb4 Nxb4 33. Qe2 Qf6 34. Rc4 a5 35. Rxh4 Nxc6 36. Bxc6 Rxc6 37. Qe4 e5 38. Qh7+ Kf8 39. Qh8+ Ke7 40. Qb8 Rc1+ 41. Kg2 Qc6+ 42. Kh3 Qe6+ 43. Kg2 Qd5+ 44. Kh3 Qe6+ 45. Kg2 Qc6+ 46. Kh3 Qc8+ 47. Qxc8 Rxc8 48. Ra4 Rc5 49. b4 axb4 50. Rxb4 1/2-1/2

[Event "CRO-chT (Women) 29th"]
[Site "Mali Losinj"]
[Date "2021.09.28"]
[Round "4.51"]
[White "Medic, Mirjana"]
[Black "Lukenda, Tina"]
[Result "1-0"]
[WhiteElo "2136"]
[BlackElo "2014"]
[PlyCount "49"]
[EventDate "2021.09.25"]
[EventType "team-tourn"]
[EventRounds "9"]
[EventCountry "CRO"]
[SourceTitle "CBM 204 Extra"]
[Source "ChessBase"]
[SourceDate "2021.11.30"]
[SourceVersion "1"]
[SourceVersionDate "2021.11.30"]
[SourceQuality "1"]
[WhiteTeam "Busevec Polet (W)"]
[BlackTeam "Kastav (W)"]
[WhiteTeamCountry "CRO"]
[BlackTeamCountry "CRO"]

1. d4 d5 2. c4 e6 3. Nc3 Nf6 4. Nf3 Be7 5. Bf4 c6 6. e3 Nbd7 7. c5 Nh5 8. Bd3 Nxf4 9. exf4 b6 10. b4 bxc5 11. bxc5 Qa5 12. Qd2 Ba6 13. 0-0 Bxd3 14. Qxd3 0-0 15. Rab1 Rab8 16. Qd2 Qa3 17. Qc2 Rxb1 18. Rxb1 Rb8 19. h3 a5 20. Ne5 Rxb1+ 21. Nxb1 Qb4 22. Nxd7 Qxd4 23. g3 g5 24. fxg5 a4 25. Nf6+ 1-0

[Event "CRO-chT3 West"]
[Site "Croatia"]
[Date "2020.09.13"]
[Round "3.1"]
[White "Lukenda, Tina"]
[Black "Sekulic, Gojko"]
[Result "0-1"]
[WhiteElo "2020"]
[BlackElo "2142"]
[PlyCount "106"]
[EventDate "2020.09.12"]
[EventType "team-tourn"]
[EventRounds "9"]
[EventCountry "CRO"]
[SourceTitle "EXT 2022"]
[Source "ChessBase"]
[SourceDate "2021.10.06"]
[SourceVersion "1"]
[SourceVersionDate "2021.10.06"]
[SourceQuality "1"]
[WhiteTeam "Kastav"]
[BlackTeam "Korenica"]
[WhiteTeamCountry "CRO"]
[BlackTeamCountry "CRO"]

1. d4 d5 2. Nf3 c6 3. c4 e6 4. cxd5 exd5 5. Nc3 f5 6. Bf4 Bd6 7. e3 Nf6 8. Ne5 0-0 9. Bd3 Qe7 10. 0-0 Nbd7 11. Nxd7 Bxd7 12. Bxd6 Qxd6 13. h3 Rae8 14. Qc2 f4 15. exf4 Qxf4 16. Ne2 Qh4 17. Ng3 Qxd4 18. Rad1 Qb6 19. Bf5 Bxf5 20. Nxf5 Ne4 21. Nd4 Nd6 22. Rd3 Re4 23. Nf3 h6 24. Rfd1 Rfe8 25. Rb3 Re2 26. Qxe2 Rxe2 27. Rxb6 axb6 28. Rd2 Rxd2 29. Nxd2 Kf7 30. Kf1 Kf6 31. Ke2 c5 32. Kd3 g5 33. b3 b5 34. a4 Ke5 35. axb5 Nxb5 36. Nf3+ Kf4 37. Nd2 Nd4 38. b4 b6 39. bxc5 bxc5 40. Kc3 h5 41. Kd3 g4 42. hxg4 hxg4 43. Nf1 Nf5 44. g3+ Kg5 45. Kc3 Nd6 46. Kd3 Nc4 47. Kc3 Kf5 48. Kd3 Ne5+ 49. Kc3 d4+ 50. Kb3 c4+ 51. Kb4 c3 52. Kb3 Ke4 53. Kc2 Kf3 0-1

[Event "CRO-chT (Women) 28th"]
[Site "Mali Losinj"]
[Date "2019.10.02"]
[Round "6.21"]
[White "Smetisko, Marija"]
[Black "Lukenda, Tina"]
[Result "1-0"]
[WhiteElo "1845"]
[BlackElo "2047"]
[PlyCount "87"]
[EventDate "2019.09.28"]
[EventType "team-tourn"]
[EventRounds "9"]
[EventCountry "CRO"]
[SourceTitle "EXT 2020"]
[Source "ChessBase"]
[SourceDate "2019.10.17"]
[SourceVersion "1"]
[SourceVersionDate "2019.10.17"]
[SourceQuality "1"]
[WhiteTeam "Zagreb Ericsson Tesla (W)"]
[BlackTeam "Kastav (W)"]
[WhiteTeamCountry "CRO"]
[BlackTeamCountry "CRO"]

1. e4 c6 2. d4 d5 3. Nc3 dxe4 4. Nxe4 Nf6 5. Ng3 Qc7 6. Bc4 e6 7. Nf3 Bd6 8. Bg5 Nbd7 9. Nd2 h6 10. Be3 b6 11. Nde4 Be7 12. Qf3 Nd5 13. Nh5 Rg8 14. 0-0 Bb7 15. a4 c5 16. dxc5 bxc5 17. Bd2 a6 18. Qg4 Ne5 19. Qe2 Nxc4 20. Qxc4 Nb6 21. Qe2 Qc6 22. f3 Nd5 23. c4 Nb4 24. Bc3 0-0-0 25. b3 g6 26. Nhf6 Rgf8 27. Nh7 Rg8 28. Nef6 Rh8 29. Nd5 exd5 30. Bxh8 Rxh8 31. Qxe7 Rxh7 32. Qf8+ Kc7 33. Qg8 Nc2 34. Ra2 Qf6 35. Qxh7 Ne3 36. Re1 d4 37. Qxh6 Qf5 38. Rd2 Kb6 39. Qf8 Qg5 40. Qd6+ Ka7 41. h4 Qf5 42. a5 Qc8 43. Qb6+ Kb8 44. Rxe3 1-0

[Event "CRO-chT (Women) 26th"]
[Site "Mali Losinj"]
[Date "2017.10.03"]
[Round "7.42"]
[White "Lukenda, Tina"]
[Black "Blazeka, Mihaela"]
[Result "0-1"]
[WhiteElo "2062"]
[BlackElo "2096"]
[PlyCount "68"]
[EventDate "2017.09.28"]
[EventType "team-tourn"]
[EventRounds "9"]
[EventCountry "CRO"]
[SourceTitle "EXT 2018"]
[Source "ChessBase"]
[SourceDate "2017.10.13"]
[SourceVersion "1"]
[SourceVersionDate "2017.10.13"]
[SourceQuality "1"]
[WhiteTeam "Rijeka Junior (W)"]
[BlackTeam "Zagreb Mladost (W)"]
[WhiteTeamCountry "CRO"]
[BlackTeamCountry "CRO"]

1. d4 Nf6 2. Nf3 e6 3. c4 b6 4. g3 Bb7 5. Bg2 Be7 6. 0-0 0-0 7. Nc3 d5 8. cxd5 exd5 9. Bg5 Nbd7 10. Rc1 Ne4 11. Bxe7 Qxe7 12. Nh4 Ndf6 13. Qc2 c6 14. a3 Rfe8 15. Nxe4 dxe4 16. Nf5 Qd7 17. Bh3 Kh8 18. Kg2 Qd5 19. Qc4 Rad8 20. Qxd5 Rxd5 21. e3 Bc8 22. g4 h5 23. g5 Nh7 24. Ng3 Bxh3+ 25. Kxh3 Nxg5+ 26. Kg2 h4 27. Ne2 Rd6 28. Rc3 Ne6 29. Rfc1 c5 30. dxc5 Nxc5 31. b4 Nd3 32. Rg1 h3+ 33. Kxh3 Nxf2+ 34. Kg2 Nd1 0-1

[Event "CRO-chT (Women)"]
[Site "Sibenik"]
[Date "2016.10.13"]
[Round "7.1"]
[White "Lukenda, Tina"]
[Black "Berke, Ana"]
[Result "1/2-1/2"]
[WhiteElo "2091"]
[BlackElo "2171"]
[PlyCount "61"]
[EventDate "2016.10.08"]
[EventType "team-tourn"]
[EventRounds "9"]
[EventCountry "CRO"]
[SourceTitle "EXT 2017"]
[Source "ChessBase"]
[SourceDate "2016.10.25"]
[SourceVersion "1"]
[SourceVersionDate "2016.10.25"]
[SourceQuality "1"]
[WhiteTeam "Split Mornar (W)"]
[BlackTeam "Rijeka Draga (W)"]
[WhiteTeamCountry "CRO"]
[BlackTeamCountry "CRO"]

1. d4 Nf6 2. Nf3 e6 3. c4 b6 4. Nc3 Bb7 5. Bg5 Be7 6. e3 d5 7. cxd5 Nxd5 8. Bxe7 Qxe7 9. Bb5+ c6 10. Be2 Nxc3 11. bxc3 0-0 12. 0-0 Nd7 13. Qa4 c5 14. Rfd1 Rfd8 15. dxc5 Nxc5 16. Rxd8+ Qxd8 17. Qd4 Qxd4 18. cxd4 Ba6 19. Bxa6 Nxa6 20. Rc1 Kf8 21. Kf1 Ke7 22. Ke2 f6 23. Nd2 Kd7 24. Ne4 Nb4 25. a3 Nd5 26. Kd3 a5 27. g3 Ra7 28. h4 h5 29. Rc2 Rb7 30. Rc1 Ra7 31. Rc2 1/2-1/2

[Event "CRO-chT (Women)"]
[Site "Sibenik"]
[Date "2016.10.10"]
[Round "4.4"]
[White "Ivekovic, Ana"]
[Black "Lukenda, Tina"]
[Result "1/2-1/2"]
[WhiteElo "2084"]
[BlackElo "2091"]
[PlyCount "24"]
[EventDate "2016.10.08"]
[EventType "team-tourn"]
[EventRounds "9"]
[EventCountry "CRO"]
[SourceTitle "EXT 2017"]
[Source "ChessBase"]
[SourceDate "2016.10.25"]
[SourceVersion "1"]
[SourceVersionDate "2016.10.25"]
[SourceQuality "1"]
[WhiteTeam "Sisak (W)"]
[BlackTeam "Split Mornar (W)"]
[WhiteTeamCountry "CRO"]
[BlackTeamCountry "CRO"]

1. d4 d5 2. c4 e6 3. Nf3 c6 4. Nc3 f5 5. e3 Nf6 6. Be2 Bd6 7. a3 Ne4 8. 0-0 0-0 9. cxd5 exd5 10. Ne5 Nd7 11. f4 Ndf6 12. Qc2 Bd7 1/2-1/2

[Event "CRO-chT (Women)"]
[Site "Sibenik"]
[Date "2016.10.09"]
[Round "3.1"]
[White "Jelica, Mara"]
[Black "Lukenda, Tina"]
[Result "1-0"]
[WhiteElo "2099"]
[BlackElo "2091"]
[PlyCount "104"]
[EventDate "2016.10.08"]
[EventType "team-tourn"]
[EventRounds "9"]
[EventCountry "CRO"]
[SourceTitle "EXT 2017"]
[Source "ChessBase"]
[SourceDate "2016.10.25"]
[SourceVersion "1"]
[SourceVersionDate "2016.10.25"]
[SourceQuality "1"]
[WhiteTeam "Busevec Polet (W)"]
[BlackTeam "Split Mornar (W)"]
[WhiteTeamCountry "CRO"]
[BlackTeamCountry "CRO"]

1. f4 d5 2. Nf3 Nf6 3. b3 c5 4. Bb2 Nc6 5. e3 Bf5 6. Bb5 Qb6 7. Bxc6+ bxc6 8. Nc3 e6 9. Na4 Qc7 10. Be5 Qa5 11. 0-0 Be7 12. Bc3 Qc7 13. Be5 Qa5 14. Nh4 Bg4 15. Nf3 0-0 16. Qe1 Ne4 17. d3 Qxe1 18. Raxe1 Bxf3 19. Rxf3 Nf6 20. Bxf6 gxf6 21. c4 Rfd8 22. Rf2 f5 23. Rc2 d4 24. e4 fxe4 25. Rxe4 Bd6 26. Rf2 Re8 27. Kf1 f5 28. Re1 Kf7 29. g3 Rg8 30. Rb2 Rgb8 31. Kf2 a5 32. Rbe2 Re8 33. Kf3 Ra7 34. h3 h5 35. Nb2 Kf6 36. Na4 Rb7 37. Nb2 Ra7 38. Nd1 a4 39. bxa4 Rxa4 40. Nf2 Ra3 41. g4 hxg4+ 42. hxg4 fxg4+ 43. Kxg4 Kf7 44. Rb1 Rg8+ 45. Kf3 Rh8 46. Rb7+ Be7 47. Rc7 Rh2 48. Rb2 Rh8 49. Rxc6 Rha8 50. Rb7 Re8 51. Rxc5 Rxa2 52. Ng4 Kg8 1-0

[Event "CRO-chT (Women)"]
[Site "Sibenik"]
[Date "2016.10.09"]
[Round "2.3"]
[White "Lukenda, Tina"]
[Black "Mikic, Ivana"]
[Result "1-0"]
[WhiteElo "2091"]
[BlackElo "1605"]
[PlyCount "91"]
[EventDate "2016.10.08"]
[EventType "team-tourn"]
[EventRounds "9"]
[EventCountry "CRO"]
[SourceTitle "EXT 2017"]
[Source "ChessBase"]
[SourceDate "2016.10.25"]
[SourceVersion "1"]
[SourceVersionDate "2016.10.25"]
[SourceQuality "1"]
[WhiteTeam "Split Mornar (W)"]
[BlackTeam "Vinkovci (W)"]
[WhiteTeamCountry "CRO"]
[BlackTeamCountry "CRO"]

1. d4 Nf6 2. Nf3 g6 3. Bg5 Bg7 4. e3 0-0 5. Bd3 d6 6. 0-0 c5 7. c3 a6 8. a4 Bg4 9. h3 Bxf3 10. Qxf3 Qb6 11. Qe2 Nc6 12. Na3 Qd8 13. Rfd1 Nd7 14. Bh4 Re8 15. Qf3 cxd4 16. exd4 Bf6 17. Bg3 Bg7 18. Nc4 Nf6 19. Re1 Rb8 20. a5 Rf8 21. b4 Na7 22. Rac1 Re8 23. Nb6 Nd7 24. Nd5 Nf6 25. Nb6 Nd7 26. Nc4 Nf6 27. Rc2 Bh6 28. Bh4 Bg7 29. Nb6 Nd7 30. Bc4 Nf6 31. Nd5 Nc6 32. Rce2 Qd7 33. Nxf6+ exf6 34. Bxf6 Rxe2 35. Rxe2 Re8 36. Rxe8+ Qxe8 37. Bxg7 Kxg7 38. Bd5 Qd7 39. Qe4 Ne7 40. Bxb7 d5 41. Qe5+ f6 42. Qb8 Qe6 43. Qc7 Kf8 44. Kh2 g5 45. b5 axb5 46. a6 1-0

[Event "CRO-chT3W"]
[Site "Croatia"]
[Date "2016.03.06"]
[Round "3.1"]
[White "Crepan, Marjan"]
[Black "Lukenda, Tina"]
[Result "1/2-1/2"]
[WhiteElo "2308"]
[BlackElo "2095"]
[PlyCount "103"]
[EventDate "2016.03.05"]
[EventType "team-tourn"]
[EventRounds "9"]
[EventCountry "CRO"]
[SourceTitle "CBM 171 Extra"]
[Source "ChessBase"]
[SourceDate "2016.04.26"]
[SourceVersion "1"]
[SourceVersionDate "2016.04.26"]
[SourceQuality "1"]
[WhiteTeam "Senj Velebit"]
[BlackTeam "Rijeka Maestral"]
[WhiteTeamCountry "CRO"]
[BlackTeamCountry "CRO"]

1. e4 c6 2. d4 d5 3. e5 Bf5 4. Ne2 e6 5. Nd2 Qb6 6. c3 c5 7. Nb3 Nd7 8. Nf4 h6 9. Be2 Be4 10. 0-0 Rc8 11. Be3 c4 12. Nd2 Bh7 13. Qc1 Ne7 14. b3 cxb3 15. axb3 Nf5 16. Qb2 Be7 17. c4 Nxe3 18. fxe3 0-0 19. Rfc1 dxc4 20. Nxc4 Qd8 21. Rxa7 b5 22. Na5 Bg5 23. Nc6 Qb6 24. Ne7+ Bxe7 25. Rxd7 Bg5 26. b4 Be4 27. Rc5 Rxc5 28. bxc5 Qa5 29. Kf2 b4 30. Rd6 Qa3 31. Qxa3 bxa3 32. Ra6 Ra8 33. Rxa8+ Bxa8 34. Bc4 Bxf4 35. exf4 Kf8 36. Ba2 Bd5 37. Bb1 Ke7 38. g4 a2 39. Bxa2 Bxa2 40. f5 Kd7 41. Ke3 Kc6 42. h4 Bb1 43. Kf4 Kd5 44. h5 Bc2 45. f6 g5+ 46. hxg6 Bxg6 47. g5 hxg5+ 48. Kxg5 Be4 49. Kh6 Bg6 50. Kg7 Kc6 51. Kg8 Bh5 52. Kg7 1/2-1/2

[Event "CRO-chT (Women) 24th"]
[Site "Bol"]
[Date "2015.10.10"]
[Round "9.13"]
[White "Macek, Vlasta"]
[Black "Lukenda, Tina"]
[Result "1/2-1/2"]
[WhiteElo "2184"]
[BlackElo "2098"]
[PlyCount "29"]
[EventDate "2015.10.03"]
[EventType "team-tourn"]
[EventRounds "9"]
[EventCountry "CRO"]
[SourceTitle "CBM 168 Extra"]
[Source "ChessBase"]
[SourceDate "2015.10.29"]
[SourceVersion "1"]
[SourceVersionDate "2015.10.29"]
[SourceQuality "1"]
[WhiteTeam "Zagreb Mladost (W)"]
[BlackTeam "Split Mornar (W)"]
[WhiteTeamCountry "CRO"]
[BlackTeamCountry "CRO"]

1. e4 c5 2. d4 d5 3. Nc3 dxe4 4. Nxe4 Bf5 5. Ng3 Bg6 6. h4 h6 7. h5 Bh7 8. Nf3 Nf6 9. Bd3 Bxd3 10. Qxd3 e6 11. Bf4 Qa5+ 12. Bd2 Qd8 13. Bf4 Qa5+ 14. Bd2 Qd8 15. Bf4 1/2-1/2

[Event "CRO-chT (Women) 24th"]
[Site "Bol"]
[Date "2015.10.04"]
[Round "2.23"]
[White "Berke, Ana"]
[Black "Lukenda, Tina"]
[Result "1-0"]
[WhiteElo "2141"]
[BlackElo "2098"]
[PlyCount "117"]
[EventDate "2015.10.03"]
[EventType "team-tourn"]
[EventRounds "9"]
[EventCountry "CRO"]
[SourceTitle "CBM 168 Extra"]
[Source "ChessBase"]
[SourceDate "2015.10.29"]
[SourceVersion "1"]
[SourceVersionDate "2015.10.29"]
[SourceQuality "1"]
[WhiteTeam "Rijeka Draga (W)"]
[BlackTeam "Split Mornar (W)"]
[WhiteTeamCountry "CRO"]
[BlackTeamCountry "CRO"]

1. e4 c6 2. d4 d5 3. exd5 cxd5 4. c4 e6 5. Nc3 Nf6 6. Nf3 Be7 7. cxd5 Nxd5 8. Bd3 0-0 9. 0-0 Nd7 10. Re1 N7f6 11. Ne5 a6 12. a3 Qd6 13. Bg5 b5 14. Qf3 Bb7 15. Qh3 g6 16. Rad1 Nxc3 17. bxc3 Nd5 18. Bh6 Rfc8 19. Qg4 Nf6 20. Qf4 Rxc3 21. Re3 Rxa3 22. Rg3 Ra4 23. Bc2 Rc8 24. Bxa4 bxa4 25. Bg5 Qd8 26. h4 Bd5 27. h5 Rb8 28. hxg6 fxg6 29. Bh4 Rb3 30. Nxg6 hxg6 31. Rxg6+ Kf7 32. Qh6 Qf8 33. Qg5 Ne4 34. Qh5 Bxh4 35. Rh6+ Ke7 36. Rh7+ Kd8 37. Qxh4+ Kc8 38. Rh8 Qxh8 39. Qxh8+ Kb7 40. Qh7+ Kb6 41. Rc1 Nc3 42. Qc2 a3 43. Qxb3+ Bxb3 44. Rxc3 Bd5 45. Rxa3 Kb5 46. f3 a5 47. Kf2 Kb4 48. Ra1 a4 49. g4 Bb3 50. Ke3 a3 51. Kf4 a2 52. g5 Kc3 53. Ke5 Kb2 54. Rxa2+ Bxa2 55. g6 Bb1 56. g7 Bh7 57. Kxe6 Bg8+ 58. Ke5 Kc3 59. d5 1-0

[Event "CRO-chT (Women)"]
[Site "Bol"]
[Date "2014.10.05"]
[Round "2.1"]
[White "Saric, Zrinka"]
[Black "Lukenda, Tina"]
[Result "1-0"]
[WhiteElo "2115"]
[BlackElo "2168"]
[PlyCount "111"]
[EventDate "2014.10.04"]
[EventType "team-tourn"]
[EventRounds "7"]
[EventCountry "CRO"]
[SourceTitle "CBM 162 Extra"]
[Source "ChessBase"]
[SourceDate "2014.10.17"]
[SourceVersion "1"]
[SourceVersionDate "2014.10.17"]
[SourceQuality "1"]
[WhiteTeam "Rijeka Liburnija (W)"]
[BlackTeam "Split Mornar (W)"]
[WhiteTeamCountry "CRO"]
[BlackTeamCountry "CRO"]

1. e4 c6 2. Nc3 d5 3. d4 dxe4 4. Nxe4 Nd7 5. Nf3 Ngf6 6. Ng3 e6 7. Bd3 Qc7 8. Bd2 Be7 9. 0-0 c5 10. Qe2 0-0 11. Rfe1 b6 12. Ne4 Bb7 13. dxc5 Nxc5 14. Nxc5 Bxc5 15. Bc3 Ng4 16. Bxh7+ Kh8 17. Ne5 Bxf2+ 18. Kh1 Bxe1 19. Qxg4 Bxc3 20. Qh5 g6 21. Bxg6+ Kg7 22. Qh7+ Kf6 23. Ng4+ Ke7 24. bxc3 Qxc3 25. Rf1 Kd6 26. Bd3 Qh8 27. Qxh8 Rxh8 28. Rxf7 Bd5 29. Nf6 Bxa2 30. Rd7+ Ke5 31. Ng4+ Kf4 32. Rd4+ Kg5 33. Ne3 Kf6 34. Rd7 a5 35. Ng4+ Kg5 36. Rg7+ Kf4 37. g3+ Kf3 38. Ne5+ Ke3 39. Rg4 Bd5+ 40. Kg1 Rag8 41. Nc4+ Bxc4 42. Rxc4 Ra8 43. Re4+ Kd2 44. Rxe6 a4 45. Be4 Rae8 46. Rd6+ Kc1 47. Bc6 a3 48. Bxe8 a2 49. Re6 Kd2 50. Rd6+ Kc3 51. Rc6+ Kd4 52. Rd6+ Kc5 53. Rd5+ Kc4 54. Bf7 Rf8 55. Ra5+ Rxf7 56. Rxa2 1-0

[Event "CRO-chT2 West"]
[Site "Rijeka"]
[Date "2012.10.13"]
[Round "7.31"]
[White "Lukenda, Tina"]
[Black "Baljak, Jadranko"]
[Result "1/2-1/2"]
[WhiteElo "2147"]
[BlackElo "1895"]
[PlyCount "59"]
[EventDate "2012.03.17"]
[EventType "team-tourn"]
[EventRounds "9"]
[EventCountry "CRO"]
[SourceTitle "EXT 2013"]
[Source "ChessBase"]
[SourceDate "2012.11.22"]
[SourceVersion "1"]
[SourceVersionDate "2012.11.22"]
[SourceQuality "1"]

1. d4 Nf6 2. Nf3 g6 3. Bf4 Bg7 4. e3 0-0 5. Bc4 d6 6. c3 Nh5 7. Bg5 Bg4 8. Nbd2 c6 9. Qc2 d5 10. Bd3 Bxf3 11. Nxf3 Nd7 12. e4 dxe4 13. Bxe4 Nhf6 14. Bd3 Re8 15. 0-0 Qc7 16. Bh4 Qa5 17. Rfe1 e5 18. b4 Qc7 19. dxe5 Nxe5 20. Nxe5 Rxe5 21. Bg3 Rxe1+ 22. Rxe1 Qd7 23. c4 Re8 24. Rxe8+ Qxe8 25. Qe2 Qd7 26. h3 Nh5 27. Bb8 Qd8 28. Bh2 Bh6 29. Qe4 Ng7 30. Be5 1/2-1/2

[Event "CRO-chT (Women) 21st"]
[Site "Sibenik"]
[Date "2012.09.27"]
[Round "6.2"]
[White "Medic, Mirjana"]
[Black "Lukenda, Tina"]
[Result "0-1"]
[WhiteElo "2185"]
[BlackElo "2147"]
[PlyCount "68"]
[EventDate "2012.09.23"]
[EventType "team-tourn"]
[EventRounds "9"]
[EventCountry "CRO"]
[SourceTitle "CBM 150 Extra"]
[Source "ChessBase"]
[SourceDate "2012.10.19"]
[SourceVersion "1"]
[SourceVersionDate "2012.10.19"]
[SourceQuality "1"]
[WhiteTeam "Rijeka Milenij Hoteli (W)"]
[BlackTeam "Rijeka Lucija (W)"]
[WhiteTeamCountry "CRO"]
[BlackTeamCountry "CRO"]

1. d4 d5 2. c4 e6 3. Nc3 Nf6 4. Nf3 c6 5. e3 Bd6 6. Qc2 0-0 7. Bd3 Nbd7 8. 0-0 dxc4 9. Bxc4 e5 10. Rd1 Qe7 11. dxe5 Nxe5 12. Nxe5 Qxe5 13. f4 Qe7 14. Bd3 Bc5 15. Re1 Ng4 16. Bxh7+ Kh8 17. Be4 f5 18. Bf3 Nxh2 19. Qf2 Nxf3+ 20. Qxf3 Be6 21. Bd2 Rad8 22. Rad1 Kg8 23. b3 Bb4 24. Nb1 Bd5 25. Bxb4 Qxb4 26. Qf2 Be4 27. Rc1 Rd3 28. Rc4 Qa5 29. Rd4 Rd8 30. b4 Qb6 31. Rxd8+ Qxd8 32. Qg3 Qd6 33. a3 Rb3 34. Qf2 Bxb1 0-1